| 000 | 00689nam a22002297a 4500 | ||
|---|---|---|---|
| 008 | 130827b xxu||||| |||| 00| 0 eng d | ||
| 020 | _a0 7923 0889 1 | ||
| 024 | _cAvailable | ||
| 037 | _cAvailable | ||
| 040 |
_ambstu Library _dmbstu Library |
||
| 082 | _a622.33 ARS | ||
| 100 | _aD.A. Ardus | ||
| 245 | _aSafety in offshore Drilling | ||
| 260 |
_aLondon _bKluwer Academic _c1990 |
||
| 300 |
_a24.5 cm _b293 Page _f01 _g24.5 cm |
||
| 600 | _2Gas well drilling safity Measures | ||
| 700 | _aD.A. Ardus | ||
| 270 |
_aLondon _bLondon _dUK |
||
| 365 |
_b11918.00 _d11918.00 |
||
| 942 |
_2ddc _cBK |
||
| 999 |
_c633 _d633 |
||